00541nam a2200157Ia 4500008004100000040001800041041000800059100003500067245011200102260005600214300001800270650001200288650003700300650001800337650002800355130821s1982 ck gr spa  aCo-BoUCMbspa aspa1 aCancino Moreno, Antonio José14aLos delitos contra el "orden económico social" en el nuevo código penalcAntonio José, Cancino Moreno aBogotá (Colombia)bLibreria del Profesionalc1982 a362 páginas04aDelitos04aDelitosxLegislaciónzColombia04aDerecho penal04aDerecho penalzColombia